<?xml version="1.0" encoding="UTF-8"?>
<record
    xmlns:xsi="http://www.w3.org/2001/XMLSchema-instance"
    xsi:schemaLocation="http://www.loc.gov/MARC21/slim http://www.loc.gov/standards/marcxml/schema/MARC21slim.xsd"
    xmlns="http://www.loc.gov/MARC21/slim">

  <leader>02969cam a2200301 i 4500</leader>
  <controlfield tag="001">991107322964906196</controlfield>
  <controlfield tag="005">20260514173141.0</controlfield>
  <controlfield tag="008">211211s2023    nyua          001 0 eng d</controlfield>
  <datafield tag="020" ind1=" " ind2=" ">
    <subfield code="a">9781265074159</subfield>
    <subfield code="q">(paperback)</subfield>
  </datafield>
  <datafield tag="035" ind1=" " ind2=" ">
    <subfield code="a">(OCoLC)1288197010</subfield>
    <subfield code="z">(OCoLC)1288136604</subfield>
    <subfield code="z">(OCoLC)1288167744</subfield>
    <subfield code="z">(OCoLC)1393132227</subfield>
  </datafield>
  <datafield tag="035" ind1=" " ind2=" ">
    <subfield code="a">(OCoLC)on1288197010</subfield>
  </datafield>
  <datafield tag="040" ind1=" " ind2=" ">
    <subfield code="a">YDX</subfield>
    <subfield code="b">eng</subfield>
    <subfield code="e">rda</subfield>
    <subfield code="c">YDX</subfield>
    <subfield code="d">NLHHG</subfield>
    <subfield code="d">OCLCQ</subfield>
    <subfield code="d">GRU</subfield>
    <subfield code="d">U3W</subfield>
    <subfield code="d">OCLCF</subfield>
    <subfield code="d">YDX</subfield>
    <subfield code="d">RDF</subfield>
    <subfield code="d">OCLCO</subfield>
    <subfield code="d">OCLCL</subfield>
    <subfield code="d">YT1</subfield>
  </datafield>
  <datafield tag="050" ind1=" " ind2="4">
    <subfield code="a">HG4026</subfield>
    <subfield code="b">.B667 2023</subfield>
  </datafield>
  <datafield tag="100" ind1=" " ind2=" ">
    <subfield code="a">Brealey, Richard A.</subfield>
    <subfield code="e">author.</subfield>
    <subfield code="9">20365</subfield>
  </datafield>
  <datafield tag="245" ind1="1" ind2="0">
    <subfield code="a">Principles of corporate finance </subfield>
    <subfield code="c">/ Richard A. Brealey, Stewart C. Myers, Franklin Allen, Alex Edmans.</subfield>
  </datafield>
  <datafield tag="250" ind1=" " ind2=" ">
    <subfield code="a">Fourteenth edition, international student edition.</subfield>
  </datafield>
  <datafield tag="264" ind1=" " ind2="1">
    <subfield code="a">New York, NY :</subfield>
    <subfield code="b">McGraw Hill,</subfield>
    <subfield code="c">2023</subfield>
  </datafield>
  <datafield tag="300" ind1=" " ind2=" ">
    <subfield code="a">xxx, 1026 pages;</subfield>
    <subfield code="b">illustrations ;</subfield>
    <subfield code="c">26 cm</subfield>
  </datafield>
  <datafield tag="500" ind1=" " ind2=" ">
    <subfield code="a">Previous edition 2020.</subfield>
  </datafield>
  <datafield tag="504" ind1=" " ind2=" ">
    <subfield code="a">Includes bibliography and index.</subfield>
  </datafield>
  <datafield tag="520" ind1=" " ind2=" ">
    <subfield code="a">The latest edition in the Principles of Corporate Finance dynasty, the 14th edition continues in its tradition of showing how theory applies to the very practical problems and decisions faced by financial managers.

Looking at what financial managers do and why, the book aims to give readers a solid understanding of theory so that they know what questions to ask when times change and new problems need to be analyzed, eventually standing as a reference and a guide to help them make financial decisions, not just study them.

This new edition welcomes Alex Edmans to the author team, whose global authority and expertise in corporate governance, responsible business and behavioural finance have been invaluable in bolstering coverage of these topics. A new chapter is entirely dedicated to the subject of balancing shareholder value with promoting the interests of all stakeholders, the potential conflicts inherent in this, and how a responsible business should behave.

There have been several changes to chapter structure as well as expanded discussion of issues that have grown in importance since the previous edition including behavioural finance, and financial innovation driven by AI, big data and cloud computing. It has also grown to take a more international focus, to bring in more information and perspectives on major developing economies such as China and India, and looking at how financing and governance systems differ around the world.

The new edition retains and builds on the pedagogical features of previous editions, with new chapter content summaries, new self-test questions interspersed at key points, and a raft of 'Beyond the page' examples available online through links in the text.</subfield>
  </datafield>
  <datafield tag="630" ind1=" " ind2="0">
    <subfield code="a">MSc International Business</subfield>
    <subfield code="9">26977</subfield>
  </datafield>
  <datafield tag="650" ind1=" " ind2="0">
    <subfield code="a">Corporations</subfield>
    <subfield code="x">Finance</subfield>
    <subfield code="9">378</subfield>
  </datafield>
  <datafield tag="700" ind1=" " ind2=" ">
    <subfield code="a">Myers, Stewart C.</subfield>
    <subfield code="e">author.</subfield>
    <subfield code="9">24040</subfield>
  </datafield>
  <datafield tag="700" ind1=" " ind2=" ">
    <subfield code="a">Allen, Franklin</subfield>
    <subfield code="d">1956-</subfield>
    <subfield code="e">author.</subfield>
    <subfield code="1">https://id.oclc.org/worldcat/entity/E39PBJjMwB8JpYFGvqhH6fY773</subfield>
    <subfield code="9">24041</subfield>
  </datafield>
  <datafield tag="700" ind1=" " ind2=" ">
    <subfield code="a">Edmans, Alex</subfield>
    <subfield code="e">author.</subfield>
    <subfield code="9">25205</subfield>
  </datafield>
  <datafield tag="942" ind1=" " ind2=" ">
    <subfield code="2">lcc</subfield>
  </datafield>
  <datafield tag="952" ind1=" " ind2=" ">
    <subfield code="0">0</subfield>
    <subfield code="1">0</subfield>
    <subfield code="2">lcc</subfield>
    <subfield code="4">0</subfield>
    <subfield code="7">0</subfield>
    <subfield code="8">CT</subfield>
    <subfield code="a">TBS</subfield>
    <subfield code="b">TBS</subfield>
    <subfield code="d">2025-05-13</subfield>
    <subfield code="l">3</subfield>
    <subfield code="o">HG4026 BRE</subfield>
    <subfield code="p">B06020</subfield>
    <subfield code="r">2025-12-10</subfield>
    <subfield code="s">2025-12-09</subfield>
    <subfield code="t">1</subfield>
    <subfield code="w">2025-05-13</subfield>
    <subfield code="y">1</subfield>
  </datafield>
  <datafield tag="952" ind1=" " ind2=" ">
    <subfield code="0">0</subfield>
    <subfield code="1">0</subfield>
    <subfield code="2">lcc</subfield>
    <subfield code="4">0</subfield>
    <subfield code="7">0</subfield>
    <subfield code="8">CT</subfield>
    <subfield code="a">TBS</subfield>
    <subfield code="b">TBS</subfield>
    <subfield code="d">2025-05-13</subfield>
    <subfield code="l">2</subfield>
    <subfield code="o">HG4026 BRE</subfield>
    <subfield code="p">B06014</subfield>
    <subfield code="r">2025-12-10</subfield>
    <subfield code="s">2025-11-21</subfield>
    <subfield code="t">2</subfield>
    <subfield code="w">2025-05-13</subfield>
    <subfield code="y">1</subfield>
  </datafield>
  <datafield tag="952" ind1=" " ind2=" ">
    <subfield code="0">0</subfield>
    <subfield code="1">0</subfield>
    <subfield code="2">lcc</subfield>
    <subfield code="4">0</subfield>
    <subfield code="7">0</subfield>
    <subfield code="8">CT</subfield>
    <subfield code="a">TBS</subfield>
    <subfield code="b">TBS</subfield>
    <subfield code="d">2025-05-13</subfield>
    <subfield code="l">2</subfield>
    <subfield code="m">1</subfield>
    <subfield code="o">HG4026 BRE</subfield>
    <subfield code="p">B06021</subfield>
    <subfield code="r">2025-12-15</subfield>
    <subfield code="s">2025-11-17</subfield>
    <subfield code="t">3</subfield>
    <subfield code="w">2025-05-13</subfield>
    <subfield code="y">1</subfield>
  </datafield>
  <datafield tag="952" ind1=" " ind2=" ">
    <subfield code="0">0</subfield>
    <subfield code="1">0</subfield>
    <subfield code="2">lcc</subfield>
    <subfield code="4">0</subfield>
    <subfield code="7">0</subfield>
    <subfield code="8">CT</subfield>
    <subfield code="a">TBS</subfield>
    <subfield code="b">TBS</subfield>
    <subfield code="d">2025-05-13</subfield>
    <subfield code="l">3</subfield>
    <subfield code="o">HG4026 BRE</subfield>
    <subfield code="p">B06022</subfield>
    <subfield code="r">2025-12-15</subfield>
    <subfield code="s">2025-10-29</subfield>
    <subfield code="t">4</subfield>
    <subfield code="w">2025-05-13</subfield>
    <subfield code="y">1</subfield>
  </datafield>
  <datafield tag="999" ind1=" " ind2=" ">
    <subfield code="c">4653</subfield>
    <subfield code="d">4653</subfield>
  </datafield>
</record>
